• 首页
  • 本馆介绍
  • 公告通知
  • 最新文献
  • 馆藏检索
  • 电子资源
  • 读者导购
  • 参考咨询
  • 我的图书馆
  • 登录
  • 详细信息显示
  • 放入我的书架
  • 预约/预借图书
  • 作者相关作品
  • 分类相关作品
  • 丛书相关作品
  • 出版社相关作品

书目信息

  • 表格格式
  • 工作单格式
  • 卡片格式
题名:
电动调节仪表
    
 
作者: 吴勤勤 编
分册:  
出版信息: 北京   化学工业出版社  1980
页数: 335页
开本: 25cm
丛书名:
单 册:
中图分类: TH862
科图分类:
主题词: 调节器:化工仪表 , 工业仪表:自动化仪表 , 化工仪表:调节器
电子资源:
ISBN:
000 00676nam0 2200253 45
001 0180006243
005 20060725093005.32
010    @dCNY2.20
091    @aCN@b15063.3061(K-227)
100    @a19950615d1980 em y0chiy0121 ea
101 0  @achi
102    @aCN@b110000
105    @ay z 000yy
200 10 @a电动调节仪表@Adian dong tiao jie yi biao@f吴勤勤编
210    @a北京@c化学工业出版社@d1980
215    @a335页@d25cm
606    @a调节器:化工仪表
606 0  @a工业仪表:自动化仪表
606    @a化工仪表:调节器
690    @aTH862@v3
701  0 @a吴勤勤@Awu qin qin@4编
801  0 @aCN@bTSSF@c20060725
801  2 @aCN@bNLC@c20060720
905    @a10447@dTH862@e11
    
    电动调节仪表/吴勤勤编.-北京:化学工业出版社,1980
    335页;25cm
    
    
    ISBN :CNY2.20
    
●
相关链接 在E读中查询图书 在五车中查询图书 在当当中查询图书 在豆瓣中查询图书


正题名:电动调节仪表     索取号:TH862/11         预约/预借

序号 登录号 条形码 馆藏地/架位号 状态 备注
1 0437606   204376068   密集书库/ [索取号:TH862/11] 在馆    
2 0438342   204383425   密集书库/ [索取号:TH862/11] 在馆    
唐山师范学院图书馆 欢迎您!
大连网信软件有限公司© 版权所有